| 000 | 01119nam a2200265Ia 4500 | ||
|---|---|---|---|
| 999 |
_c5479 _d5479 |
||
| 003 | OSt | ||
| 005 | 20200609164432.0 | ||
| 008 | 191128s1979 sp ad gr 000 0 spa d | ||
| 020 | _a8432303445 | ||
| 040 |
_aCO-JMCR _cCO-JMCR |
||
| 041 |
_aspa _hfr |
||
| 082 | 0 | 4 |
_a330.122 / _bA269r _223 |
| 100 | 1 |
_aAglietta, Michel, _eautor _95279 |
|
| 245 | 1 | 0 |
_aRegulación y crisis del capitalismo : _b la experiencia de los Estados Unidos / _cMichel Aglietta ; traducción de Juan Bueno |
| 250 | _aPrimera edición | ||
| 260 |
_aMadrid : _bSiglo ventiuno, _c1979 |
||
| 300 |
_avii, 344 páginas : _bgráficos a blanco y negro ; _c20 cm. |
||
| 505 | _aLas transformaciones de la relación salarial. Las leyes de la acumulación del capital -- Las transformaciones de las relaciones intercapitalistas las leyes de la competencia | ||
| 534 | _pRégulation et crises du capitalisme-L' experience des etats-unis | ||
| 546 | _aTraducido del francés | ||
| 650 | 1 | 4 |
_aCapitalismo _zEstados Unidos _95280 |
| 650 | 2 | 4 |
_aCondiciones económicas _zEstados Unidos _95281 |
| 700 | 1 |
_aBueno, Juan, _etraductor _95282 |
|
| 942 |
_2ddc _cBK |
||